Missing Word: Classic Rock Quiz Stats

 Plays Quiz Updated Mar 8, 2016

Challenge
Share
Tweet
Embed
Score 0/20 Timer 02:00
1 Play Today
Heading Missing Word % Correct
Led ZeppelinHeaven
99.4%
Pink FloydYou
95.2%
AC/DCHell
94.2%
Guns 'n' RosesChild
90.8%
Led ZeppelinDazed
87.4%
AC/DCBlack
86.3%
Guns 'n' RosesJungle
82.9%
Pink FloydBrick
81.3%
AC/DCBells
77.4%
AC/DCShook
76.5%
Heading Missing Word % Correct
Guns 'n' RosesCity
65.5%
Guns 'n' RosesNovember
51.3%
Guns 'n' RosesMine
46.8%
Pink FloydFly
45.5%
Led ZeppelinDog
43%
AC/DCThrill
37.7%
Led ZeppelinImmigrant
34.8%
Led ZeppelinRamble
25.8%
Pink FloydYoung
16.7%
Pink FloydRun
15.5%

Today's Daily Dose

You're not logged in!

Compare scores with friends on all Sporcle quizzes.
OR
Log In

You Might Also Like...

Show Comments

Extras

Top Quizzes Today


Score Distribution

Your Account Isn't Verified!

In order to create a playlist on Sporcle, you need to verify the email address you used during registration. Go to your Sporcle Settings to finish the process.

Report this User

Report this user for behavior that violates our Community Guidelines.

Details: